000 00530nam a2200157 i 4500
001 43044
003 ES-MaACL
005 20230906160725.0
007 t|
008 030314s1960 sp ||||1| spa d
110 2 _aCentro de Estudios Sindicales.
_92669
245 1 0 _aInforme especial para uso de jerarquías y mandos sindicales
_b: capacitación sindical en los Institutos Laborales /
_cCentro de Estudios Sindicales.
260 _a[S.l. :
_bs.n.,
_c1960]
300 _a19 p. ;
_c28 cm.
852 _aES-MaACL
_j2026-F-29
_bR.47088
999 _c43044
_d43044